00208nam a22000857a 4500999001900000020001500019245004300034260003800077942000700115 c259108d259107 a0760072612 aNew Perspective on Microsoft Excel 97  aNew YorkbCourse Technologyc1998 cBK